Lataa...

Kalasthithi

Bibliografiset tiedot
Päätekijä: P.Mohanan
Julkaistu: Current books
LEADER 00177 a2200097 4500
020
260 |b Current books 
942 |c BK  |6 _ 
245 |a Kalasthithi  
100 |a P.Mohanan 
999 |c 63796  |d 63796